| 000 | 00622nam a2200193 a 4500 | ||
|---|---|---|---|
| 005 | 20240614063711.0 | ||
| 008 | 991125s1963 gle 000 0 eng u | ||
| 035 | _aUPN01000040073 | ||
| 049 | _aCG | ||
| 050 | 4 |
_aPE1066 C8 _bM6.4 |
|
| 245 | 0 | 0 |
_aMore fun with our friends / _cJohn B. Mac Dowel... [et al.] ; il. Richard H. Wiley |
| 260 |
_aGlenview (E.U.A.) : _bScott Foresman, _c1963 |
||
| 300 |
_a199 p. : _bil., col |
||
| 440 | 0 | _aCurriculum foundation series. The new basic readers | |
| 650 | 4 |
_aInglés _xEstudio y enseñanza _918 |
|
| 700 | 2 |
_aMac Dowel, John B., _ecoaut. |
|
| 904 |
_aAC _b040075 |
||
| 905 | _aLibro | ||
| 999 |
_c40073 _d40073 |
||